000 00990nam a22002177a 4500
999 _c1309
_d1309
003 AR-CdUCM
008 190226b ||||| |||| 00| 0 spa d
040 _aMUNICIPALIDAD PROVINCIAL DEL CUSCO
_cBIBLIOTECA MUNICIPAL DEL CUSCO
082 _a339.42
_bZ32
100 _aZamalloa Loaiza, Rodolfo
_95040
245 _aEl coste de vida i la legislación peruana /
260 _aCusco :
_bUNSAAC,
_c1950.
300 _a199 páginas ;
_c20 cm.
500 _aTesis para optar el grado de bachiller en la Facultad de Derecho.
505 _aVolumen 2 : Las relaciones jurídico-patrimoniales i la economía -- La estadística i el derecho -- El poder adquisitivo de la moneda -- Las oscilaciones del costo de vida -- El costo de vida i el poder adquisitivo interno de la moneda -- La función jurídica de la moneda ...
650 _aProducción
_91785
650 _aDerecho tributario
_95041
650 _aCirculación de productos
_95042
942 _2ddc
_cLIBROS
945 _araen
_d2019-02-26